• 首页
  • 本馆介绍
  • 公告通知
  • 最新文献
  • 馆藏检索
  • 电子资源
  • 读者导购
  • 参考咨询
  • 我的图书馆
  • 登录
  • 详细信息显示
  • 放入我的书架
  • 预约/预借图书
  • 作者相关作品
  • 分类相关作品
  • 丛书相关作品
  • 出版社相关作品

书目信息

  • 表格格式
  • 工作单格式
  • 卡片格式
题名:
吴昌硕篆刻选集
    
 
作者: 吴昌硕 作 ;上海书画出版社 编辑
分册:  
出版信息: 上海   上海书画出版社  1978
页数: 28页
开本: 24cm
丛书名:
单 册:
中图分类: J292.47 , J292.4
科图分类:
主题词: 印谱--中国--现代 , 篆刻--中国 , 书法--中国
电子资源:
ISBN:
000 00745nam0 2200265 45
001 0178005096
005 20060803090024.20
010    @dCNY0.40
091    @a8172.369
100    @a19950724d1978 em y0chiy0121 ea
101 0  @achi
102    @aCN@b310000
105    @ay z 000yy
200 10 @a吴昌硕篆刻选集@Awu chang shuo zhuan ke xuan ji@f(清)吴昌硕作@g上海书画出版社编辑
210    @a上海@c上海书画出版社@d1978
215    @a28页@d24cm
606    @a印谱@y中国@z现代
606 0  @a篆刻@x中国
606 0  @a书法@x中国
690    @aJ292.47@v3
690    @aJ292.4
701  0 @a吴昌硕@Awu chang shuo@4作
712 02 @a上海书画出版社@Ashang hai shu hua chu ban she@4编辑
801  0 @aCN@bNLC@c20060803
905    @f2@b5050-051@dJ292.4@e5
    
    吴昌硕篆刻选集/(清)吴昌硕作/上海书画出版社编辑.-上海:上海书画出版社,1978
    28页;24cm
    
    
    ISBN :CNY0.40
    
●
相关链接 在E读中查询图书 在五车中查询图书 在当当中查询图书 在豆瓣中查询图书


正题名:吴昌硕篆刻选集     索取号:J292.4/5         预约/预借

序号 登录号 条形码 馆藏地/架位号 状态 备注
1 0005050   001930021   第一借阅区/ [索取号:J292.4/5] 在馆    
2 0005051   001930012   密集书库/ [索取号:J292.4/5] 在馆    
3 0444370   204443708   密集书库/ [索取号:J292.4/5] 在馆    
唐山师范学院图书馆 欢迎您!
大连网信软件有限公司© 版权所有